| 000 | 00892nam a2200217 a 4500 | ||
|---|---|---|---|
| 001 | BRCA_8541 | ||
| 005 | 20190320210327.0 | ||
| 008 | 110816s1553----gw-a######---#000-0#ger-# | ||
| 050 | 4 |
_aG5700 _b.D54 _c1553 |
|
| 245 | 1 | 0 | _aDie ehr und mañliche lhaten sefchichten annd sefchilichaitenn des streitbaren hochlobblichen haute zu ofterzeich und burgundienze zum exempel abdetrumb dozbilde allen fürstlichen blut uund abels genossen deutscher nation. |
| 260 |
_aFrankfurt _bSei christian Egenolff _c1553 |
||
| 300 |
_acx p. _bil. _c29 cm |
||
| 500 | _aFondo antiguo | ||
| 500 | _aSe encuentra en Caja Fuerte | ||
| 500 | _aW-33 | ||
| 500 | _aNota de encuadernación: en piel, edición de cantos dorados | ||
| 506 | 0 | _aFondo reservado: para su consulta es necesario credencial de usuario y carta de motivos | |
| 650 | 1 | 4 |
_aEuropa _xPolítica y gobierno _921414 |
| 902 | _aLAR | ||
| 942 |
_2lcc _cB |
||
| 999 |
_c8205 _d8205 |
||